Bâtisseurs de mégalithes

محفوظ في:

المؤلف الرئيسي: Florian Cousseau

التنسيق: كتاب

اللغة: Undetermined

الوصول للمادة أونلاين: Login to view Source

الوسوم: إضافة وسم

لا توجد وسوم, كن أول من يضع وسما على هذه التسجيلة!

رقم الطلب:

LEADER 00431nmm a2200133Ia 4500
008 240716s9999||||xx |||||||||||||||||und||
020 |a 9781803276342 
020 |a 9781803276359 
100 |a Florian Cousseau 
245 1 0 |a Bâtisseurs de mégalithes  |c Florian Cousseau 
264 |b Archaeopress Archaeology  |c 27-أكتوبر-23 
856 4 0 |u http://library.arce.org:8087/Archaeopress/Products/9781803276342 
942 |2 lcc  |c EBOOK 
999 |c 58991  |d 58991